Development of three-in-one t-square (Record no. 75567)

MARC details
000 -LEADER
fixed length control field 03088nam a22002897i 4500
003 - CONTROL NUMBER IDENTIFIER
control field URS
005 - DATE AND TIME OF LATEST TRANSACTION
control field 20240416181626.0
008 - FIXED-LENGTH DATA ELEMENTS--GENERAL INFORMATION
fixed length control field 190920b ||||| |||| 00| 0 eng d
041 ## - LANGUAGE CODE
Language code of text/sound track or separate title eng
043 ## - GEOGRAPHIC AREA CODE
Geographic area code a-ph---
050 10 - LIBRARY OF CONGRESS CALL NUMBER
Classification number TA165
Item number .D494 2018
245 ## - TITLE STATEMENT
Title Development of three-in-one t-square
Statement of responsibility, etc. Kenneth H. Halang
260 ## - PUBLICATION, DISTRIBUTION, ETC.
Date of publication, distribution, etc. October 2018
300 ## - PHYSICAL DESCRIPTION
Extent xi, 93 leaves :
Other physical details illustrations ;
Dimensions 28 cm
336 ## - CONTENT TYPE
Source rda content
Content type term text
337 ## - MEDIA TYPE
Source rda media
Media type term unmediated
338 ## - CARRIER TYPE
Source rda carrier
Carrier type term volume
502 ## - DISSERTATION NOTE
Dissertation note Thesis
Degree type Bachelor of Technology major in Drafting Technology
Name of granting institution University of Rizal System-Morong
Year degree granted 2018
520 ## - SUMMARY, ETC.
Summary, etc. EXECUTIVE SUMMARY: The study was aimed to develop a three-in-one t-square. Specifically, the study attempted to design and construct three-in-one t-square and perform try-out and revisions to the said study. Furthermore, the study determined the level of acceptability of the three-in-one t-square and existing t-square, try-square and triangle in terms of functionality, usability, safety and maintainability and durability. This study also determined the significant difference on the level of acceptability between the project and existing tools in terms of the above-mentioned variables. Lastly, the study determined the level of performance of the developed three-in-one t-square in terms of accuracy and speed. Moreover, this study designed, developed and constructed out of locally available materials. The researchers considered several factors in designing the object, such as availability of potential materials. By seeking the aid of the expert, the researchers successfully finished the construction of the three-in-one t-square. The developed project was tested for operations, were different flaws and shortcomings was observed. Several defects were found, and through try-out and revisions method, the three-in-one t-square reached its functional output and attained its objectives. Furthermore, in the level of acceptability of the developed three-in-one t-square, in terms of functionality, usability, safety and maintainability and durability found to be much accepted than the existing tools based on the respondents. In terms of level acceptability, it got a significant difference between the developed three-in-one t-square and the existing t-square, try-square, and triangle in terms of the above-mentioned variables. In the level of performance, the three-in-one t-square found not fast but very accurate in constructing geometric figure, orthographic, isometric and oblique drawing. Lastly, based from all the results, the researchers concluded that additional studies using other evaluation instruments may be conducted to enhance further the design and other parts of the device.
650 #0 - SUBJECT ADDED ENTRY--TOPICAL TERM
Topical term or geographic name entry element Rulers(Instruments).
700 ## - ADDED ENTRY--PERSONAL NAME
Personal name Macasinag, Jomari N.
Relator term author
700 ## - ADDED ENTRY--PERSONAL NAME
Personal name Loayon, Lorraine Kaye S.
Relator term author
700 ## - ADDED ENTRY--PERSONAL NAME
Personal name Gacho, Brexter E.
Relator term author
700 ## - ADDED ENTRY--PERSONAL NAME
Personal name Cruz, Erich D.
Relator term degree supervisor
856 ## - ELECTRONIC LOCATION AND ACCESS
Materials specified Online Request for Student Unpublished Works
Uniform Resource Identifier <a href="https://forms.gle/7LqvGGkaDrUQqz429">https://forms.gle/7LqvGGkaDrUQqz429</a>
942 ## - ADDED ENTRY ELEMENTS (KOHA)
Source of classification or shelving scheme Library of Congress Classification
Koha item type Theses and dissertations

No items available.

University of Rizal System
Email us at univlibservices@urs.edu.ph

Visit our Website www.urs.edu.ph/library